Breves consideraciones sobre el fito-parasitismo en el estado actual de la ciencia (Record no. 158743)

MARC details
000 -LEADER
campo de control de longitud fija 00706nam a22001695i 4500
001 - NÚMERO DE CONTROL
campo de control 158743
003 - IDENTIFICADOR DE NÚMERO DE CONTROL
campo de control ES-MaACL
005 - FECHA Y HORA DE LA ÚLTIMA TRANSACCIÓN
campo de control 20250930063138.0
008 - DATOS DE LONGITUD FIJA--INFORMACIÓN GENERAL
campo de control de longitud fija 990317s1878 sp |||| | spa d
040 ## - FUENTE DE CATALOGACIÓN
Centro catalogador/agencia de origen AN
Lengua de catalogación spa
Centro/agencia transcriptor AN
100 1# - ENTRADA PRINCIPAL--NOMBRE DE PERSONA
Nombre de persona Mariani y Larrión, Juan Manuel,
Fechas asociadas al nombre 1853-1909
9 (RLIN) 76681
245 10 - MENCIÓN DEL TÍTULO
Título Breves consideraciones sobre el fito-parasitismo en el estado actual de la ciencia
Resto del título : memoria del doctorado presentada y leída /
Mención de responsabilidad, etc. por Juan Manuel Mariani.
260 ## - PUBLICACIÓN, DISTRIBUCIÓN, ETC.
Lugar de publicación, distribución, etc. Madrid :
Nombre del editor, distribuidor, etc. [s.n.],
Fecha de publicación, distribución, etc. 1878 (
Fabricante Tip. estereotipia Perojo)
300 ## - DESCRIPCIÓN FÍSICA
Extensión 33 p. ;
Dimensiones 23 cm.
852 ## - LOCALIZACIÓN
Ubicación ES-MaACL
Número de control de estantería T-1046-F-11
Nota libre -- Enc. hol. conservando la cub. original
-- -- Enc. en un vol. facticio
Holdings
Estatus retirado Estado de pérdida Estado de daño No para préstamo Colección Biblioteca de origen Biblioteca actual Ubicación en estantería Fecha de adquisición Total de préstamos Signatura topográfica completa Código de barras Visto por última vez Precio de reemplazo Tipo de ítem Koha
        Colección de folletos Biblioteca del Ateneo de Madrid Biblioteca del Ateneo de Madrid Depósito folletos 17/01/2008   T-1046-F-11 1166154 23/02/2023 23/02/2023 Folleto